Economías de exportación y desarrollo capitalista /
Gorde:
| Egile nagusia: | |
|---|---|
| Beste egile batzuk: | |
| Formatua: | Texto |
| Argitaratua: |
Barcelona:
Crítica
|
| Etiketak: |
Etiketa erantsi
Etiketarik gabe, Izan zaitez lehena erregistro honi etiketa jartzen!
|
MARC
| LEADER | 00000 a a2200000 04500 | ||
|---|---|---|---|
| 001 | 23874 | ||
| 003 | |||
| 040 | |||
| 020 | |a 84-7423-104-3 | ||
| 090 | |a 164402 | ||
| 100 | |a Cardoso, Ciro Flamarion Santana | ||
| 245 | |a Economías de exportación y desarrollo capitalista / |c Ciro Flamarion Santana Cardoso | ||
| 260 | |a Barcelona: |b Crítica | ||
| 300 | |a 210 p.; Vol. 2 |b **no definido** |b fonodiscos | ||
| 700 | |a Pérez Brignoli, Héctor | ||
| 999 | |c 1133 |d 1133 | ||



